Finančná stabilita a posilňovanie hospodárskej a menovej únie
Finančnú stabilitu chápeme ako dôležitý predpoklad pre zdravé fungovanie ekonomiky na makroúrovni i mikroúrovni. Faktory a stimuly, pôsobením ktorých bola v máji 2015 makroekonomická situácia v Európe poznačená. Vplyv makroekonomických faktorov na finančnú stabilitu. Dobudovanie hospodárskej a menov...
Saved in:
| Main Author: | |
|---|---|
| Format: | Book Chapter |
| Language: | Slovak |
| Subjects: | |
| Tags: |
No Tags, Be the first to tag this record!
|
MARC
| LEADER | 00000nla a2200000 4500 | ||
|---|---|---|---|
| 001 | 0212118 | ||
| 005 | 20240417075104.4 | ||
| 041 | 0 | |a slo | |
| 044 | |a SK | ||
| 245 | 1 | 0 | |a Finančná stabilita a posilňovanie hospodárskej a menovej únie |c Alena Longauerová |
| 520 | |a Finančnú stabilitu chápeme ako dôležitý predpoklad pre zdravé fungovanie ekonomiky na makroúrovni i mikroúrovni. Faktory a stimuly, pôsobením ktorých bola v máji 2015 makroekonomická situácia v Európe poznačená. Vplyv makroekonomických faktorov na finančnú stabilitu. Dobudovanie hospodárskej a menovej únie ako nástroja finančnej stability. | ||
| 610 | 2 | 0 | |a Európska únia |
| 610 | 2 | 0 | |a stabilita finančná |
| 610 | 2 | 0 | |a únie menové |
| 610 | 2 | 0 | |a stabilita hospodárstva |
| 610 | 2 | 0 | |a politika fiškálna |
| 610 | 2 | 0 | |a eurozóna |
| 610 | 2 | 0 | |a spolupráca medzinárodná |
| 100 | 1 | |a Longauerová, Alena | |